LEADER 00944nam0 22002531i 450 001 UON00218773 005 20231205103405.548 100 $a20030730d1971 |0itac50 ba 101 $aita 102 $aIT 105 $a|||| ||||| 200 1 $aˆI ‰ sette pazzi$fRoberto Arlt 210 $aMilano$cBompiani$dc1971. 299 p. ; 21 cm Tit. orig.: Los siete locos 215 $aTrad. dallo spagnolo di Luigi Pellisari 620 $aIT$dMilano$3UONL000005 676 $aAr863$cLetteratura argentina. Narrativa$v21 700 1$aARLT$bRoberto$3UONV113206$0157558 712 $aBompiani$3UONV246238$4650 801 $aIT$bSOL$c20240220$gRICA 899 $aSIBA - SISTEMA BIBLIOTECARIO DI ATENEO$2UONSI 912 $aUON00218773 950 $aSIBA - SISTEMA BIBLIOTECARIO DI ATENEO$dSI Isp.A Ar 860 a 007 $eSI SP 5726 5 007 996 $aSette pazzi$91266124 997 $aUNIOR